[Event "SWE-chB"]
[Site "Stockholm"]
[Date "2017.07.16"]
[Round "9"]
[White "Ask, Josef"]
[Black "Ernst, Thomas"]
[Result "0-1"]
[WhiteElo "2120"]
[BlackElo "2381"]
[PlyCount "64"]
[EventDate "2017.07.08"]
[EventType "tourn"]
[EventRounds "9"]
[EventCountry "SWE"]
[EventCategory "4"]
[SourceTitle "EXT 2018"]
[Source "ChessBase"]
[SourceDate "2017.10.13"]
[SourceVersion "1"]
[SourceVersionDate "2017.10.13"]
[SourceQuality "1"]
1. d4 Nf6 2. Nc3 d5 3. Bg5 Nbd7 4. Qd3 e6 5. e4 dxe4 6. Nxe4 Be7 7. Nxf6+ Bxf6
8. Bxf6 Nxf6 9. Nf3 O-O 10. O-O-O b6 11. Ne5 Bb7 12. Qh3 Qd6 13. f3 c5 14. Bd3
cxd4 15. Rhe1 h6 16. g4 Nd5 17. g5 Nf4 18. Qg4 hxg5 19. Qxg5 Nxd3+ 20. Nxd3 f6
21. Qg6 Rac8 22. Rg1 Rc7 23. Rg3 Qd5 24. Rdg1 Qf5 25. Qh6 Qh7 26. Qd2 Rfc8 27.
Kb1 e5 28. Qb4 Ba6 29. Qd6 Bxd3 30. Qe6+ Kh8 31. Rh3 Rxc2 32. Rxh7+ Bxh7 0-1

[Event "SWE-chB"]
[Site "Stockholm"]
[Date "2017.07.16"]
[Round "9"]
[White "Johansson, Jan"]
[Black "Akesson, Ralf"]
[Result "0-1"]
[WhiteElo "2341"]
[BlackElo "2435"]
[PlyCount "176"]
[EventDate "2017.07.08"]
[EventType "tourn"]
[EventRounds "9"]
[EventCountry "SWE"]
[EventCategory "4"]
[SourceTitle "EXT 2018"]
[Source "ChessBase"]
[SourceDate "2017.10.13"]
[SourceVersion "1"]
[SourceVersionDate "2017.10.13"]
[SourceQuality "1"]
1. d4 Nf6 2. c4 e6 3. Nc3 Bb4 4. Nf3 c5 5. g3 O-O 6. Bg2 cxd4 7. Nxd4 d5 8.
cxd5 Nxd5 9. Bd2 Bxc3 10. bxc3 Nb6 11. O-O e5 12. Nc2 Nc4 13. Bc1 Nc6 14. Ne3
Be6 15. Nd5 Rc8 16. e4 Ne7 17. Rb1 Qd7 18. Rb4 Rfd8 19. Bg5 Bxd5 20. Bxe7 Qxe7
21. exd5 b6 22. Re1 Qc5 23. Qa4 Rc7 24. Rb5 Qf8 25. Rb4 Qc5 26. Rb5 Qf8 27. Rb4
Rdc8 28. Qd1 Re8 29. Qa4 Nd6 30. Rb2 f5 31. Rbe2 Qf6 32. Re3 Ree7 33. Qd1 g6
34. Bf1 Kg7 35. c4 e4 36. f3 Nxc4 37. Bxc4 Rxc4 38. d6 Rd7 39. fxe4 Rxe4 40.
Rxe4 fxe4 41. Rxe4 Rxd6 42. Qe2 Rd7 43. Kg2 Rf7 44. Re6 Qd4 45. Kh3 Rf2 46.
Re7+ Kh6 47. Qe1 Rxa2 48. Qc1+ Qd2 49. Qxd2+ Rxd2 50. Rxa7 g5 51. Rb7 Rd6 52.
Rb8 Kg6 53. Kg4 h6 54. h4 Rd4+ 55. Kf3 Rb4 56. Rg8+ Kf7 57. Rb8 gxh4 58. gxh4
h5 59. Ke3 Ke6 60. Rh8 Rb5 61. Rh6+ Kd7 62. Kd4 Kc7 63. Rh7+ Kc6 64. Rh6+ Kb7
65. Kc3 Ka6 66. Rg6 Rc5+ 67. Kb3 Rb5+ 68. Kc3 Rc5+ 69. Kb3 Ka5 70. Rg8 Kb5 71.
Rg6 Rd5 72. Rh6 Kc5 73. Rh8 Kd4 74. Rh6 b5 75. Rg6 Ke4 76. Kb4 Rf5 77. Rg8 Kf3
78. Kc3 Rf4 79. Kd3 b4 80. Rg5 Rxh4 81. Rb5 Kf2 82. Rf5+ Ke1 83. Re5+ Kd1 84.
Rb5 b3 85. Kc3 Rh3+ 86. Kb2 Ke2 87. Rf5 Ke3 88. Rf8 Ke4 0-1

[Event "SWE-chB"]
[Site "Stockholm"]
[Date "2017.07.16"]
[Round "9"]
[White "Engqvist, Thomas"]
[Black "Eriksson, Johan"]
[Result "1/2-1/2"]
[WhiteElo "2347"]
[BlackElo "2391"]
[PlyCount "57"]
[EventDate "2017.07.08"]
[EventType "tourn"]
[EventRounds "9"]
[EventCountry "SWE"]
[EventCategory "4"]
[SourceTitle "EXT 2018"]
[Source "ChessBase"]
[SourceDate "2017.10.13"]
[SourceVersion "1"]
[SourceVersionDate "2017.10.13"]
[SourceQuality "1"]
1. Nf3 f5 2. g3 Nf6 3. Bg2 g6 4. b3 Bg7 5. Bb2 O-O 6. O-O d6 7. d4 Qe8 8. c4
Na6 9. Nbd2 e5 10. dxe5 Nd7 11. Nd4 Nxe5 12. Qc2 f4 13. Ne4 Qe7 14. Rae1 Bd7
15. Qd2 fxg3 16. hxg3 Rae8 17. Nc3 Nc5 18. Nd5 Qd8 19. Qc2 a5 20. Rd1 c6 21.
Nc3 Qe7 22. Qd2 Rd8 23. Nf3 Bf5 24. Rfe1 Ng4 25. Rf1 Bh6 26. Qd4 Bg7 27. Qd2
Bh6 28. Qd4 Bg7 29. Qd2 1/2-1/2

[Event "SWE-chB"]
[Site "Stockholm"]
[Date "2017.07.16"]
[Round "9"]
[White "Ornstein, Axel"]
[Black "Thorn, Eric"]
[Result "0-1"]
[WhiteElo "2356"]
[BlackElo "2325"]
[PlyCount "60"]
[EventDate "2017.07.08"]
[EventType "tourn"]
[EventRounds "9"]
[EventCountry "SWE"]
[EventCategory "4"]
[SourceTitle "EXT 2018"]
[Source "ChessBase"]
[SourceDate "2017.10.13"]
[SourceVersion "1"]
[SourceVersionDate "2017.10.13"]
[SourceQuality "1"]
1. e4 e5 2. Nf3 Nc6 3. Nc3 Nf6 4. d4 exd4 5. Nxd4 Bb4 6. Nxc6 bxc6 7. Bd3 d5 8.
exd5 cxd5 9. O-O O-O 10. Bg5 Be6 11. Ne2 Bd6 12. f4 c5 13. c3 c4 14. Bc2 Bg4
15. h3 Bxe2 16. Qxe2 Re8 17. Qd2 Bc5+ 18. Kh1 d4 19. Rae1 d3 20. Ba4 Rxe1 21.
Rxe1 Qa5 22. Bc6 Rc8 23. Bxf6 gxf6 24. Bd5 Bb6 25. Qd1 Kh8 26. Bxf7 Qc5 27. b3
Rd8 28. bxc4 d2 29. Rf1 Qe3 30. Bd5 Re8 0-1

[Event "SWE-chB"]
[Site "Stockholm"]
[Date "2017.07.16"]
[Round "9"]
[White "Rosberg, Simon"]
[Black "Von Bahr, Oskar"]
[Result "1/2-1/2"]
[WhiteElo "2309"]
[BlackElo "2423"]
[PlyCount "124"]
[EventDate "2017.07.08"]
[EventType "tourn"]
[EventRounds "9"]
[EventCountry "SWE"]
[EventCategory "4"]
[SourceTitle "EXT 2018"]
[Source "ChessBase"]
[SourceDate "2017.10.13"]
[SourceVersion "1"]
[SourceVersionDate "2017.10.13"]
[SourceQuality "1"]
1. Nf3 Nf6 2. g3 c5 3. Bg2 Nc6 4. O-O g6 5. d3 Bg7 6. e4 d6 7. Re1 O-O 8. c3 e5
9. h3 Ne8 10. a3 a5 11. a4 h6 12. Na3 f5 13. Nb5 Nf6 14. Nh4 Kh7 15. exf5 gxf5
16. d4 cxd4 17. cxd4 e4 18. Bf4 d5 19. Rc1 Ne8 20. Bf1 Qf6 21. Be3 Be6 22. Ng2
Bf7 23. Nf4 Rd8 24. Rc5 Nd6 25. Nc3 Nxd4 26. Ncxd5 Bxd5 27. Bxd4 Qxd4 28. Qxd4
Bxd4 29. Rxd5 Nc8 30. Rxa5 Rd6 31. Rb5 b6 32. Bc4 Na7 33. Rd5 Rxd5 34. Bxd5 Be5
35. Rc1 Rc8 36. Rxc8 Nxc8 37. Be6 Ne7 38. b4 Bc3 39. b5 Kg7 40. Kf1 Kf6 41. Bb3
Ke5 42. Ke2 Nc8 43. Nd5 Bd4 44. f4+ exf3+ 45. Kxf3 Nd6 46. Ne7 Bc5 47. Nc6+ Kf6
48. Nb8 Bd4 49. Nc6 Bc5 50. g4 Ne4 51. Bc2 Ng5+ 52. Kg3 Bd6+ 53. Kg2 fxg4 54.
hxg4 Nf7 55. a5 bxa5 56. Nxa5 Ne5 57. Bd1 Kg5 58. b6 Nxg4 59. Bxg4 Kxg4 60. b7
h5 61. Nc6 h4 62. b8=Q Bxb8 1/2-1/2

[Event "SWE-chB"]
[Site "Stockholm"]
[Date "2017.07.15"]
[Round "8"]
[White "Ernst, Thomas"]
[Black "Rosberg, Simon"]
[Result "1/2-1/2"]
[WhiteElo "2381"]
[BlackElo "2309"]
[PlyCount "111"]
[EventDate "2017.07.08"]
[EventType "tourn"]
[EventRounds "9"]
[EventCountry "SWE"]
[EventCategory "4"]
[SourceTitle "EXT 2018"]
[Source "ChessBase"]
[SourceDate "2017.10.13"]
[SourceVersion "1"]
[SourceVersionDate "2017.10.13"]
[SourceQuality "1"]
1. e4 c5 2. Nf3 e6 3. d4 cxd4 4. Nxd4 Nc6 5. Nb5 d6 6. c4 Nf6 7. N1c3 a6 8. Na3
b6 9. Be2 Bb7 10. O-O Ne5 11. f3 Qc7 12. Kh1 Be7 13. Be3 Ned7 14. Rc1 O-O 15.
Qd2 Rac8 16. Rfd1 Rfe8 17. Bf1 Bf8 18. Bf2 Qb8 19. Nc2 Ba8 20. Nd4 Ne5 21. b3
Rcd8 22. Na4 d5 23. exd5 exd5 24. c5 b5 25. Nb6 Bxc5 26. Nxa8 Rc8 27. Bh4 Bxd4
28. Rxc8 Qxc8 29. Qxd4 Qxa8 30. Bxf6 gxf6 31. Qxd5 Qxd5 32. Rxd5 Nc6 33. Rd6
Re6 34. Rxe6 fxe6 35. Bd3 Nb4 36. Bb1 Nd5 37. a4 Nc3 38. axb5 axb5 39. Bd3 f5
40. Kg1 Kf7 41. g4 Kf6 42. Kf2 fxg4 43. fxg4 h5 44. gxh5 Kg5 45. Bg6 Na2 46.
h4+ Kh6 47. Bf7 Nc1 48. Bxe6 Nxb3 49. Bxb3 Kxh5 50. Kg3 b4 51. Kh3 Kg6 52. Kg4
Kh6 53. h5 Kg7 54. Kg5 Kh7 55. h6 Kh8 56. Kg6 1/2-1/2

[Event "SWE-chB"]
[Site "Stockholm"]
[Date "2017.07.15"]
[Round "8"]
[White "Thorn, Eric"]
[Black "Engqvist, Thomas"]
[Result "1-0"]
[WhiteElo "2325"]
[BlackElo "2347"]
[PlyCount "121"]
[EventDate "2017.07.08"]
[EventType "tourn"]
[EventRounds "9"]
[EventCountry "SWE"]
[EventCategory "4"]
[SourceTitle "EXT 2018"]
[Source "ChessBase"]
[SourceDate "2017.10.13"]
[SourceVersion "1"]
[SourceVersionDate "2017.10.13"]
[SourceQuality "1"]
1. d4 Nf6 2. c4 e6 3. Nc3 d5 4. Nf3 Be7 5. Bf4 O-O 6. a3 b6 7. cxd5 exd5 8. Rc1
c5 9. e3 a6 10. dxc5 bxc5 11. Be2 Be6 12. h3 Nbd7 13. O-O Qb6 14. Na4 Qb7 15.
b4 c4 16. Nd4 a5 17. Rb1 axb4 18. axb4 Qa6 19. Nc3 Rfc8 20. Qc2 Nb6 21. Bf3 h6
22. Rfd1 Qb7 23. Nxe6 fxe6 24. Qg6 Ra3 25. Nb5 Ra2 26. Nd4 Qd7 27. Bxh6 Bf8 28.
Bg5 Qf7 29. Qxf7+ Kxf7 30. Bxf6 gxf6 31. Bh5+ Ke7 32. Ra1 Rca8 33. Rxa2 Rxa2
34. e4 Bh6 35. exd5 Nxd5 36. Re1 c3 37. Rxe6+ Kd7 38. Bg4 Kc7 39. Rc6+ Kb7 40.
Bf3 Rd2 41. Rc4 Kb6 42. Bxd5 Rxd4 43. Rxd4 c2 44. Rc4 c1=Q+ 45. Rxc1 Bxc1 46.
Bc4 Ba3 47. b5 Kc5 48. Be2 Bb2 49. g4 Bd4 50. h4 Kd6 51. Kg2 Ke5 52. h5 f5 53.
g5 Kf4 54. g6 Kg5 55. b6 Kf6 56. b7 Be5 57. Bd3 Kg7 58. Bxf5 Bb8 59. Kf3 Bh2
60. Ke4 Kh6 61. f4 1-0

[Event "SWE-chB"]
[Site "Stockholm"]
[Date "2017.07.15"]
[Round "8"]
[White "Von Bahr, Oskar"]
[Black "Johansson, Jan"]
[Result "1-0"]
[WhiteElo "2423"]
[BlackElo "2341"]
[PlyCount "43"]
[EventDate "2017.07.08"]
[EventType "tourn"]
[EventRounds "9"]
[EventCountry "SWE"]
[EventCategory "4"]
[SourceTitle "EXT 2018"]
[Source "ChessBase"]
[SourceDate "2017.10.13"]
[SourceVersion "1"]
[SourceVersionDate "2017.10.13"]
[SourceQuality "1"]
1. e4 d6 2. d4 Nf6 3. Nc3 e5 4. Nf3 Nbd7 5. g4 h6 6. Rg1 c6 7. h4 g6 8. g5 hxg5
9. hxg5 Nh5 10. Be3 b5 11. Qd2 Qa5 12. O-O-O b4 13. Nb1 Bg7 14. dxe5 d5 15.
exd5 cxd5 16. a3 Rb8 17. Rg4 Nxe5 18. Nxe5 Bxg4 19. Nxg4 O-O 20. Bd4 Rfc8 21.
Bxg7 Kxg7 22. Qxd5 1-0

[Event "SWE-chB"]
[Site "Stockholm"]
[Date "2017.07.15"]
[Round "8"]
[White "Eriksson, Johan"]
[Black "Ask, Josef"]
[Result "1/2-1/2"]
[WhiteElo "2391"]
[BlackElo "2120"]
[PlyCount "113"]
[EventDate "2017.07.08"]
[EventType "tourn"]
[EventRounds "9"]
[EventCountry "SWE"]
[EventCategory "4"]
[SourceTitle "EXT 2018"]
[Source "ChessBase"]
[SourceDate "2017.10.13"]
[SourceVersion "1"]
[SourceVersionDate "2017.10.13"]
[SourceQuality "1"]
1. d4 d5 2. c4 Bf5 3. cxd5 Bxb1 4. Qa4+ c6 5. Rxb1 Qxd5 6. Nf3 Nd7 7. e3 Qf5 8.
Ra1 Ngf6 9. Qb3 O-O-O 10. Bd3 Qh5 11. Bd2 e5 12. Rc1 exd4 13. Ba6 Nb6 14. Rxc6+
Kb8 15. Rxb6 axb6 16. Qxb6 Rd7 17. Nxd4 Qc5 18. Qxc5 Bxc5 19. Bb5 Rc7 20. Nb3
Bd6 21. O-O Be5 22. Na5 Rd8 23. Bb4 Nd5 24. Ba3 Nb6 25. b3 Rd5 26. f4 Bf6 27.
Be8 Rxa5 28. Bd6 Be7 29. Bxc7+ Kxc7 30. Bxf7 Rxa2 31. Rc1+ Kb8 32. e4 Re2 33.
e5 g5 34. g3 gxf4 35. gxf4 Re4 36. Rf1 Bc5+ 37. Kg2 Re2+ 38. Kg3 Nc8 39. Bc4
Re3+ 40. Kg4 Kc7 41. Rc1 Kb6 42. Rd1 Ne7 43. Rd3 Re4 44. Rd7 Rd4 45. Rxd4 Bxd4
46. Kg5 Kc5 47. Bd3 Be3 48. Bxh7 Nd5 49. Be4 Bxf4+ 50. Kf5 Bxh2 51. Ke6 Nf4+
52. Kd7 Nd5 53. Ke6 Nf4+ 54. Kd7 b5 55. e6 Nh5 56. e7 Nf6+ 57. Kd8 1/2-1/2

[Event "SWE-chB"]
[Site "Stockholm"]
[Date "2017.07.15"]
[Round "8"]
[White "Akesson, Ralf"]
[Black "Ornstein, Axel"]
[Result "1/2-1/2"]
[WhiteElo "2435"]
[BlackElo "2356"]
[PlyCount "35"]
[EventDate "2017.07.08"]
[EventType "tourn"]
[EventRounds "9"]
[EventCountry "SWE"]
[EventCategory "4"]
[SourceTitle "EXT 2018"]
[Source "ChessBase"]
[SourceDate "2017.10.13"]
[SourceVersion "1"]
[SourceVersionDate "2017.10.13"]
[SourceQuality "1"]
1. d4 Nf6 2. c4 e6 3. Nf3 c5 4. Nc3 cxd4 5. Nxd4 Bb4 6. Bd2 O-O 7. Nc2 Be7 8.
g3 Qc7 9. e4 a6 10. Ne3 b6 11. Bg2 Bb7 12. O-O d6 13. Rc1 Nbd7 14. Qe2 Rac8 15.
Rfd1 Rfe8 16. Be1 Qb8 17. b3 Rcd8 18. Qc2 1/2-1/2

[Event "SWE-chB"]
[Site "Stockholm"]
[Date "2017.07.14"]
[Round "7"]
[White "Ask, Josef"]
[Black "Engqvist, Thomas"]
[Result "0-1"]
[WhiteElo "2120"]
[BlackElo "2347"]
[PlyCount "84"]
[EventDate "2017.07.08"]
[EventType "tourn"]
[EventRounds "9"]
[EventCountry "SWE"]
[EventCategory "4"]
[SourceTitle "EXT 2018"]
[Source "ChessBase"]
[SourceDate "2017.10.13"]
[SourceVersion "1"]
[SourceVersionDate "2017.10.13"]
[SourceQuality "1"]
1. d4 Nf6 2. Nc3 d5 3. Bg5 c5 4. Nf3 Ne4 5. Bf4 Qa5 6. Bd2 Nxd2 7. Qxd2 e6 8.
O-O-O c4 9. e4 Nc6 10. exd5 exd5 11. Qg5 Be6 12. Bxc4 Be7 13. Qf4 Qd8 14. h4
O-O 15. Bb3 f6 16. Rhe1 Bf7 17. Qf5 g6 18. Qf4 Kg7 19. Kb1 h5 20. Rg1 Qd7 21.
Rde1 Bb4 22. a3 Ba5 23. Qe3 b5 24. Qd3 a6 25. Re3 Bb6 26. Ne2 Bc7 27. c3 Na5
28. Ba2 Nc4 29. Bxc4 bxc4 30. Qd2 Rab8 31. Ne1 Bd6 32. Ka2 Qa4 33. Qc2 Rb3 34.
Qc1 Rfb8 35. Nc2 Be8 36. g4 hxg4 37. Rxg4 Rxb2+ 38. Qxb2 Rxb2+ 39. Kxb2 Qb3+
40. Ka1 Qxc2 41. Rg1 Bxa3 42. Rb1 Ba4 0-1

[Event "SWE-chB"]
[Site "Stockholm"]
[Date "2017.07.14"]
[Round "7"]
[White "Johansson, Jan"]
[Black "Ernst, Thomas"]
[Result "1/2-1/2"]
[WhiteElo "2341"]
[BlackElo "2381"]
[PlyCount "97"]
[EventDate "2017.07.08"]
[EventType "tourn"]
[EventRounds "9"]
[EventCountry "SWE"]
[EventCategory "4"]
[SourceTitle "EXT 2018"]
[Source "ChessBase"]
[SourceDate "2017.10.13"]
[SourceVersion "1"]
[SourceVersionDate "2017.10.13"]
[SourceQuality "1"]
1. d4 Nf6 2. c4 g6 3. Nc3 d5 4. cxd5 Nxd5 5. Bd2 Bg7 6. e4 Nb6 7. Be3 O-O 8. h3
Nc6 9. Nf3 f5 10. exf5 Bxf5 11. Qb3+ Kh8 12. d5 Ne5 13. Nd4 c6 14. dxc6 Nxc6
15. Nxc6 bxc6 16. Rd1 Qc7 17. Be2 Rab8 18. O-O Nd5 19. Nxd5 cxd5 20. Qxd5 Rxb2
21. Qc4 Qxc4 22. Bxc4 Rb7 23. Bb3 a5 24. Rfe1 h5 25. Rc1 Rc8 26. Rxc8+ Bxc8 27.
Rd1 Bd7 28. Bd5 Rb8 29. Ba7 Rb2 30. Bf7 Rb7 31. Bc5 Kh7 32. Re1 e5 33. Ba3 Bf5
34. Bd5 Rd7 35. Bb3 a4 36. Bc4 Rc7 37. Rc1 Rd7 38. Bb5 Rd2 39. Rc7 Kh8 40. Ra7
Rxa2 41. Rxa4 Kh7 42. Bc5 Rxa4 43. Bxa4 Bf6 44. Bd1 Kg7 45. g4 hxg4 46. hxg4
Be6 47. Bd6 Bd5 48. g5 Bxg5 49. Bxe5+ 1/2-1/2

[Event "SWE-chB"]
[Site "Stockholm"]
[Date "2017.07.14"]
[Round "7"]
[White "Ornstein, Axel"]
[Black "Von Bahr, Oskar"]
[Result "0-1"]
[WhiteElo "2356"]
[BlackElo "2423"]
[PlyCount "38"]
[EventDate "2017.07.08"]
[EventType "tourn"]
[EventRounds "9"]
[EventCountry "SWE"]
[EventCategory "4"]
[SourceTitle "EXT 2018"]
[Source "ChessBase"]
[SourceDate "2017.10.13"]
[SourceVersion "1"]
[SourceVersionDate "2017.10.13"]
[SourceQuality "1"]
1. e4 c5 2. c3 Nf6 3. e5 Nd5 4. Bc4 Nb6 5. Bb3 c4 6. Bc2 Nc6 7. Nf3 Qc7 8. Qe2
g5 9. Nxg5 Qxe5 10. d4 cxd3 11. Bxd3 Qxe2+ 12. Kxe2 h6 13. Nf3 d5 14. Re1 Bg7
15. Kf1 O-O 16. Bf4 Na4 17. Re2 Nc5 18. Bc2 b6 19. b4 Ne6 0-1

[Event "SWE-chB"]
[Site "Stockholm"]
[Date "2017.07.14"]
[Round "7"]
[White "Akesson, Ralf"]
[Black "Thorn, Eric"]
[Result "1-0"]
[WhiteElo "2435"]
[BlackElo "2325"]
[PlyCount "87"]
[EventDate "2017.07.08"]
[EventType "tourn"]
[EventRounds "9"]
[EventCountry "SWE"]
[EventCategory "4"]
[SourceTitle "EXT 2018"]
[Source "ChessBase"]
[SourceDate "2017.10.13"]
[SourceVersion "1"]
[SourceVersionDate "2017.10.13"]
[SourceQuality "1"]
1. d4 Nf6 2. Nf3 d5 3. c4 e6 4. g3 Be7 5. Bg2 O-O 6. O-O c6 7. Qc2 b6 8. b3 a5
9. Nc3 Na6 10. Bb2 Bb7 11. Rad1 Qc7 12. Qb1 Rfc8 13. e4 a4 14. e5 Ne8 15. cxd5
cxd5 16. Rc1 axb3 17. Nxd5 bxa2 18. Qxa2 Bxd5 19. Rxc7 Bxa2 20. Rxe7 Bd5 21.
Ng5 Bxg2 22. Kxg2 Rc7 23. Ba3 Rxe7 24. Bxe7 Nac7 25. Rc1 Nd5 26. Bd6 h6 27. Ne4
Kh7 28. Rc6 Kg6 29. Nc3 Nxc3 30. Rxc3 Nxd6 31. exd6 Rd8 32. Rc6 b5 33. Rb6 b4
34. Kf3 b3 35. Ke4 Kf6 36. Kd3 b2 37. Kc2 Rd7 38. Kxb2 e5 39. d5 e4 40. Kc3 Ke5
41. Kc4 Rd8 42. Kc5 Rc8+ 43. Rc6 Ra8 44. d7 1-0

[Event "SWE-chB"]
[Site "Stockholm"]
[Date "2017.07.14"]
[Round "7"]
[White "Rosberg, Simon"]
[Black "Eriksson, Johan"]
[Result "0-1"]
[WhiteElo "2309"]
[BlackElo "2391"]
[PlyCount "68"]
[EventDate "2017.07.08"]
[EventType "tourn"]
[EventRounds "9"]
[EventCountry "SWE"]
[EventCategory "4"]
[SourceTitle "EXT 2018"]
[Source "ChessBase"]
[SourceDate "2017.10.13"]
[SourceVersion "1"]
[SourceVersionDate "2017.10.13"]
[SourceQuality "1"]
1. Nf3 Nf6 2. c4 g6 3. g3 Bg7 4. Bg2 O-O 5. O-O d6 6. Nc3 Nc6 7. Rb1 e5 8. d3
a5 9. a3 h6 10. b4 axb4 11. axb4 Be6 12. b5 Ne7 13. Bd2 Qd7 14. Qc1 Kh7 15. b6
c5 16. Nb5 Ra2 17. Nc7 Bh3 18. Rb3 Bxg2 19. Kxg2 e4 20. Ne1 Nf5 21. Ra3 Rxa3
22. Qxa3 Qc6 23. f3 exf3+ 24. Nxf3 Nd4 25. e4 Qxb6 26. Nxd4 Qxc7 27. Nb5 Qd7
28. Qa7 Ng4 29. Qb6 Ra8 30. Kg1 Ra2 31. Bf4 Nxh2 32. Rf2 Nf3+ 33. Kg2 Ne1+ 34.
Kg1 Ra1 0-1

[Event "SWE-chB"]
[Site "Stockholm"]
[Date "2017.07.13"]
[Round "6"]
[White "Thorn, Eric"]
[Black "Ask, Josef"]
[Result "0-1"]
[WhiteElo "2325"]
[BlackElo "2120"]
[PlyCount "110"]
[EventDate "2017.07.08"]
[EventType "tourn"]
[EventRounds "9"]
[EventCountry "SWE"]
[EventCategory "4"]
[SourceTitle "EXT 2018"]
[Source "ChessBase"]
[SourceDate "2017.10.13"]
[SourceVersion "1"]
[SourceVersionDate "2017.10.13"]
[SourceQuality "1"]
1. d4 Nf6 2. c4 d6 3. Nc3 c6 4. Nf3 Nbd7 5. e4 e5 6. Be2 Be7 7. O-O O-O 8. d5
Nc5 9. Qc2 cxd5 10. cxd5 Qc7 11. Ne1 Bd7 12. Be3 Rfc8 13. Rc1 Qb8 14. Qb1 Bd8
15. f3 b5 16. b4 Na4 17. Nxa4 Rxc1 18. Qxc1 bxa4 19. Nc2 Nh5 20. g3 f5 21. Qd2
Nf6 22. Bd3 fxe4 23. Bxe4 Bh3 24. Rc1 Bb6 25. Bd3 Qb7 26. Bxb6 Qxb6+ 27. Ne3 e4
28. Bxe4 Nxe4 29. fxe4 Rf8 30. Kh1 Rf3 31. Re1 Qb5 32. Qe2 Qxb4 33. Nf5 Ra3 34.
Rc1 h6 35. Qc4 Qxc4 36. Rxc4 Rxa2 37. Rc8+ Kh7 38. Rc1 Bg2+ 39. Kg1 Bxe4 40.
Nxd6 Bxd5 41. Rc5 Bb3 42. Rc1 a3 43. Nb5 a6 44. Nd4 Bd5 45. Nc2 Be4 46. Na1
Rg2+ 47. Kf1 Rxh2 48. Ke1 Rh1+ 49. Kd2 Rxc1 50. Kxc1 Kg6 51. Nb3 a2 52. Kb2 Bd5
53. Nd2 Kf5 54. Nf1 Ke4 55. Nh2 h5 0-1

[Event "SWE-chB"]
[Site "Stockholm"]
[Date "2017.07.13"]
[Round "6"]
[White "Engqvist, Thomas"]
[Black "Rosberg, Simon"]
[Result "1/2-1/2"]
[WhiteElo "2347"]
[BlackElo "2309"]
[PlyCount "104"]
[EventDate "2017.07.08"]
[EventType "tourn"]
[EventRounds "9"]
[EventCountry "SWE"]
[EventCategory "4"]
[SourceTitle "EXT 2018"]
[Source "ChessBase"]
[SourceDate "2017.10.13"]
[SourceVersion "1"]
[SourceVersionDate "2017.10.13"]
[SourceQuality "1"]
1. c4 c6 2. Nf3 d5 3. e3 Nf6 4. Nc3 a6 5. Qc2 g6 6. b3 Bg7 7. Bb2 O-O 8. d4 c5
9. Nxd5 Nxd5 10. cxd5 Qxd5 11. Bc4 Qh5 12. Be2 cxd4 13. Nxd4 Qa5+ 14. Bc3 Qc7
15. Qb2 e5 16. Nf3 Nc6 17. Rc1 Qe7 18. O-O Bf5 19. a4 a5 20. Bb5 f6 21. Nd2 Nb4
22. Qa3 Rfd8 23. Nc4 Bf8 24. Nb6 Rab8 25. Bc4+ Kh8 26. Be2 Qe6 27. Nc4 Nd3 28.
Qa1 Nxc1 29. Rxc1 Bd3 30. Bxd3 Rxd3 31. Qb1 Qf5 32. Bxa5 Rc8 33. Be1 Qd7 34.
Qc2 Rd8 35. Nb2 Rd5 36. e4 Rc5 37. Bc3 Rc6 38. Nc4 Bh6 39. Re1 Qd3 40. Qb2 Re6
41. a5 Bf8 42. Re2 Qd1+ 43. Re1 Qd3 44. Re2 Qd7 45. g3 Bc5 46. Kg2 Bd4 47. Rd2
Ree8 48. f3 Bxc3 49. Qxc3 Qc7 50. Rd5 Rd7 51. Qd3 Red8 52. h4 h5 1/2-1/2

[Event "SWE-chB"]
[Site "Stockholm"]
[Date "2017.07.13"]
[Round "6"]
[White "Von Bahr, Oskar"]
[Black "Akesson, Ralf"]
[Result "1-0"]
[WhiteElo "2423"]
[BlackElo "2435"]
[PlyCount "79"]
[EventDate "2017.07.08"]
[EventType "tourn"]
[EventRounds "9"]
[EventCountry "SWE"]
[EventCategory "4"]
[SourceTitle "EXT 2018"]
[Source "ChessBase"]
[SourceDate "2017.10.13"]
[SourceVersion "1"]
[SourceVersionDate "2017.10.13"]
[SourceQuality "1"]
1. e4 e6 2. d4 d5 3. Nd2 c5 4. exd5 exd5 5. Bb5+ Nc6 6. Ngf3 Bd6 7. O-O Nge7 8.
dxc5 Bxc5 9. Nb3 Bd6 10. h3 O-O 11. Bd3 Bc7 12. c3 Qd6 13. Re1 Nf5 14. a4 Bd7
15. Qc2 g6 16. Bg5 Rfe8 17. Qd2 f6 18. Bxf5 Bxf5 19. Bh4 Rxe1+ 20. Rxe1 Bb6 21.
Nfd4 Nxd4 22. Nxd4 Be4 23. Bg3 Qd7 24. a5 Bxa5 25. f3 Bf5 26. Nxf5 gxf5 27. Qh6
Rf8 28. Bf2 Bc7 29. f4 Qd6 30. Re3 Rf7 31. Rg3+ Kh8 32. Bd4 Bb6 33. Re3 Bxd4
34. cxd4 Qf8 35. Qh5 Re7 36. Rc3 Qf7 37. Qxf5 Qe6 38. Qh5 Qe4 39. Qh6 Re8 40.
Qxf6+ 1-0

[Event "SWE-chB"]
[Site "Stockholm"]
[Date "2017.07.13"]
[Round "6"]
[White "Eriksson, Johan"]
[Black "Johansson, Jan"]
[Result "1/2-1/2"]
[WhiteElo "2391"]
[BlackElo "2341"]
[PlyCount "68"]
[EventDate "2017.07.08"]
[EventType "tourn"]
[EventRounds "9"]
[EventCountry "SWE"]
[EventCategory "4"]
[SourceTitle "EXT 2018"]
[Source "ChessBase"]
[SourceDate "2017.10.13"]
[SourceVersion "1"]
[SourceVersionDate "2017.10.13"]
[SourceQuality "1"]
1. d4 Nf6 2. c4 e6 3. Nc3 Bb4 4. Qc2 O-O 5. a3 Bxc3+ 6. Qxc3 b6 7. Bg5 Bb7 8.
e3 d6 9. Ne2 Nbd7 10. Qc2 c5 11. Rd1 Rc8 12. Nc3 a6 13. d5 h6 14. Bh4 exd5 15.
Nxd5 b5 16. Be2 Bxd5 17. cxd5 Qa5+ 18. Rd2 c4 19. O-O c3 20. Rd4 cxb2 21. Qxb2
Rc3 22. Ra1 Rfc8 23. Bf1 Rc2 24. Qb4 Qxb4 25. axb4 Rc1 26. Rd1 Rxd1 27. Rxd1
Nb6 28. Bxf6 gxf6 29. g3 Kg7 30. Rd4 Rc1 31. Kg2 Rb1 32. Be2 Rb2 33. Kf1 Rb1+
34. Kg2 Rb2 1/2-1/2

[Event "SWE-chB"]
[Site "Stockholm"]
[Date "2017.07.13"]
[Round "6"]
[White "Ernst, Thomas"]
[Black "Ornstein, Axel"]
[Result "1-0"]
[WhiteElo "2381"]
[BlackElo "2356"]
[PlyCount "49"]
[EventDate "2017.07.08"]
[EventType "tourn"]
[EventRounds "9"]
[EventCountry "SWE"]
[EventCategory "4"]
[SourceTitle "EXT 2018"]
[Source "ChessBase"]
[SourceDate "2017.10.13"]
[SourceVersion "1"]
[SourceVersionDate "2017.10.13"]
[SourceQuality "1"]
1. e4 e5 2. Nf3 Nc6 3. Bb5 a6 4. Ba4 Nf6 5. O-O Be7 6. Re1 b5 7. Bb3 O-O 8. c3
d6 9. h3 Bb7 10. d4 Re8 11. Nbd2 Bf8 12. a4 h6 13. Bc2 exd4 14. cxd4 Nb4 15.
Bb1 c5 16. d5 Nd7 17. Ra3 c4 18. Nd4 Ne5 19. axb5 Qb6 20. Nxc4 Nxc4 21. Rg3 g6
22. b3 Ne5 23. Be3 Qa5 24. Rf1 Qa1 25. Qd2 1-0